Belfast 5-Checkbox Categories Quiz Stats

 Plays Quiz not verified by Sporcle

Support Sporcle.
Go Orange.
Score 0/24 Timer 03:00
0 Plays Today
% Correct
Irish Republican History
97.8%
Belfast City Hospital Tower
93.3%
Orange Heritage
93.3%
tanto
86.7%
quid
86.7%
Lagan
84.4%
Titanic
82.2%
retribuamus
80%
Cavehill
80%
Queen's
77.8%
Titanic
77.8%
Pro
75.6%
% Correct
Black
75.6%
Cathedral
75.6%
Gaeltacht
75.6%
Divis
71.1%
Royal Ulster Rifles
71.1%
Windsor House
66.7%
St Anne's Cathedral
64.4%
St Patrick's Church
64.4%
Farset
57.8%
Ulster
53.3%
Smithfield and Union
51.1%
Obel
40%

You're not logged in!

Compare scores with friends on all Sporcle quizzes.
OR
Log In

From the Vault

Actors' Eyes

by Dijuba

'Don't you know me?' these eyes seem to say.
Remove Ads.
Support Sporcle.
Get the best of Sporcle when you Go Orange. This ad-free experience offers more features, more stats, and more fun while also helping to support Sporcle. Thank you for becoming a member.

Show Comments

Extras

Top Quizzes Today


Score Distribution

Your Account Isn't Verified!

In order to create a playlist on Sporcle, you need to verify the email address you used during registration. Go to your Sporcle Settings to finish the process.

Report this User

Report this user for behavior that violates our Community Guidelines.

Details: